Informačné a komunikačné technológie v manažmente cestovného ruchu diplomová práca

Gespeichert in:
Bibliographische Detailangaben
1. Verfasser: Širochmanová, Eva
Körperschaft: Obchodná fakulta EU. Katedra tovaroznalectva a kvality tovaru
Weitere Verfasser: Kollár, Vojtech
Format: Buch
Sprache:Slowakisch
Veröffentlicht: Bratislava 2011
Tags: Tag hinzufügen
Keine Tags, Fügen Sie das erste Tag hinzu!

MARC

LEADER 00000nam a2200000 4500
001 0148144
005 20240318124727.0
041 0 |a slo 
044 |a SK 
245 1 0 |a Informačné a komunikačné technológie v manažmente cestovného ruchu  |b diplomová práca  |c Eva Širochmanová ; školiteľ: Vojtech Kollár 
264 1 |a Bratislava  |c 2011 
300 |a 73 s. 
100 1 |a Širochmanová, Eva 
700 1 |a Kollár, Vojtech 
710 2 |a Obchodná fakulta EU. Katedra tovaroznalectva a kvality tovaru